| 000 | 00460pab a2200169 454500 | ||
|---|---|---|---|
| 008 | 180718b2008 xxu||||| |||| 00| 0 eng d | ||
| 100 | _aBernard, Andrew B. et al. | ||
| 245 | _aRelative wage variation and industry location in the United Kingdom | ||
| 260 | _c2008 | ||
| 300 | _ap.431-59. | ||
| 362 | _aAug | ||
| 650 | _aWages - Great Britain | ||
| 650 | _aWages | ||
| 773 | _aOxford Bulletin of Economics and Statistics | ||
| 908 | _aN | ||
| 909 | _a79124 | ||
| 999 |
_c79124 _d79124 |
||